[Event "Lvov Buturina Memorial 2nd"]
[Site "Lvov"]
[Date "2022.11.19"]
[Round "6"]
[White "Zaharchyn, Andriyan"]
[Black "Yushko, Olga"]
[Result "1-0"]
[WhiteElo "1558"]
[BlackElo "2064"]
[PlyCount "95"]
[EventDate "2022.11.18"]
[EventType "swiss (rapid)"]
[EventRounds "9"]
[EventCountry "UKR"]
[SourceTitle "CBM 212 Extra"]
[Source "ChessBase"]
[SourceDate "2023.03.31"]
[SourceVersion "1"]
[SourceVersionDate "2023.03.31"]
[SourceQuality "1"]

1. e4 e6 2. d4 d5 3. Nd2 Nf6 4. e5 Nfd7 5. Bd3 c5 6. c3 Nc6 7. Ne2 Qb6 8. Nf3 cxd4 9. cxd4 Be7 10. 0-0 f6 11. Nf4 Nb4 12. Bb1 f5 13. Ng5 Nf8 14. Qh5+ g6 15. Qh6 Bxg5 16. Qxg5 h6 17. Qg3 Qxd4 18. Nd3 Nxd3 19. Bxd3 Kf7 20. Be2 Nd7 21. Bf4 g5 22. Bh5+ Kf8 23. Be3 Qb4 24. f4 g4 25. Rac1 Rg8 26. Rc7 d4 27. Bf2 Rg7 28. Rfc1 Nb6 29. Qh4 Bd7 30. Rc8+ Be8 31. Rxe8+ Rxe8 32. Qf6+ Kg8 33. Bxe8 Qxb2 34. Qxe6+ Kf8 35. Re1 Re7 36. Qxf5+ Kxe8 37. Qg6+ Kf8 38. Qxh6+ Kg8 39. f5 Nd5 40. f6 Rf7 41. Qg6+ Kf8 42. Qxg4 Rc7 43. e6 Nxf6 44. Qf4 Qc3 45. Qxf6+ Ke8 46. Qh8+ Ke7 47. Bh4+ Kd6 48. Qe5+ 1-0

[Event "Lvov CC-ch Quarantine"]
[Site "Lvov"]
[Date "2020.06.21"]
[Round "4"]
[White "Salevich, Volodimir"]
[Black "Zaharchyn, Andriyan"]
[Result "0-1"]
[WhiteElo "1825"]
[BlackElo "1482"]
[PlyCount "130"]
[EventDate "2020.06.20"]
[EventType "tourn"]
[EventRounds "9"]
[EventCountry "UKR"]
[SourceTitle "CBM 197 Extra"]
[Source "ChessBase"]
[SourceDate "2020.09.30"]
[SourceVersion "1"]
[SourceVersionDate "2020.09.30"]
[SourceQuality "1"]

1. c4 e6 2. d4 Nf6 3. Nc3 Bb4 4. Qc2 0-0 5. e4 d5 6. cxd5 exd5 7. e5 Ne4 8. Bd3 Bf5 9. Bd2 Bxc3 10. bxc3 Bg6 11. h4 Nxd2 12. Bxg6 fxg6 13. Qxd2 Nc6 14. Nf3 Qe7 15. h5 gxh5 16. Rxh5 g6 17. Rh3 Rf5 18. g4 Rf7 19. Ng5 Rg7 20. Ke2 Qd7 21. f3 Re8 22. Rah1 Ree7 23. Qd3 Nxe5 24. dxe5 Rxe5+ 25. Ne4 dxe4 26. Qxd7 exf3+ 27. Kxf3 Rxd7 28. Kf4 Re2 29. Rb1 c6 30. a4 Rf7+ 31. Kg5 Kg7 32. Rb4 Re5+ 33. Kh4 b6 34. Rd4 Rfe7 35. Rhd3 Re2 36. Rd7 h6 37. R7d6 g5+ 38. Kg3 R7e3+ 39. Rxe3 Rxe3+ 40. Kf2 Rxc3 41. Rd7+ Kg6 42. Rxa7 Rc4 43. Kf3 h5 44. gxh5+ Kxh5 45. Rh7+ Kg6 46. Rc7 Kf5 47. Rf7+ Ke6 48. Rb7 g4+ 49. Kg3 Rb4 50. Ra7 Kd5 51. a5 bxa5 52. Rxa5+ c5 53. Ra8 Re4 54. Rd8+ Kc4 55. Kf2 Kc3 56. Rc8 c4 57. Rc7 Kc2 58. Rc8 c3 59. Rc7 Kb2 60. Rb7+ Kc1 61. Rc7 c2 62. Rb7 g3+ 63. Kxg3 Rd4 64. Kf3 Kd1 65. Ke3 Rd8 0-1

[Event "Lvov Ivanchuk School-ch"]
[Site "Lvov"]
[Date "2017.10.14"]
[Round "6"]
[White "Mosesov, Danylo"]
[Black "Zaharchyn, Andriyan"]
[Result "1-0"]
[WhiteElo "2134"]
[BlackElo "1365"]
[PlyCount "79"]
[EventDate "2017.10.13"]
[EventType "swiss"]
[EventRounds "9"]
[EventCountry "UKR"]
[SourceTitle "CBM 181 Extra"]
[Source "ChessBase"]
[SourceDate "2017.12.12"]
[SourceVersion "1"]
[SourceVersionDate "2017.12.12"]
[SourceQuality "1"]

1. d4 Nf6 2. c4 e6 3. Nf3 c5 4. d5 d6 5. Nc3 g6 6. g3 Bg7 7. Bg2 0-0 8. 0-0 a5 9. e4 Bd7 10. h3 h5 11. Bg5 Qc7 12. Qd2 Nh7 13. Bh6 Be8 14. Rad1 e5 15. Nh4 Nd7 16. Bxg7 Kxg7 17. f4 f6 18. Bf3 exf4 19. gxf4 g5 20. Nf5+ Kh8 21. Nb5 Qb6 22. Nfxd6 g4 23. hxg4 hxg4 24. Bg2 Bh5 25. Qc3 Rg8 26. e5 g3 27. Rd3 Be2 28. Rxg3 Rxg3 29. Qxg3 Rf8 30. Re1 Bxc4 31. e6 Bxb5 32. Nf7+ Rxf7 33. exf7 c4+ 34. Kh1 Ng5 35. fxg5 fxg5 36. Re8+ Kg7 37. Qxg5+ Qg6 38. Rg8+ Kxf7 39. Qxg6+ Ke7 40. d6# 1-0